| 000 | 00808nam a2200217 a 4500 | ||
|---|---|---|---|
| 999 |
_c10574 _d10574 |
||
| 001 | 10574 | ||
| 003 | BD-JhCC | ||
| 005 | 20190904134018.0 | ||
| 008 | 180723s20172013bg a|||| |||| 000 0 mul d | ||
| 035 | _a(BD-JhCC)10574 | ||
| 040 |
_aBD-JhCC _dBD-JhCC |
||
| 041 | _aBengali and Arabic | ||
| 082 |
_a615.32 _bMIA 2017 |
||
| 100 | _aমিয়া, মো: আ: ছালাম | ||
| 245 |
_aপরিবেশ ও স্বাস্থ্য বিজ্ঞানে মুহাম্মদ (স) / _cমো: আ: ছালাম মিয়া, |
||
| 260 |
_aঢাকা : _bইসলামিক হাউস , _c২০১৭. |
||
| 300 |
_a৩৫১ পৃ. : _bচিত্রাবলী; _c২০ সেমি. |
||
| 650 | _aHerbal medicine | ||
| 650 | _aMedicinal Plants | ||
| 942 |
_2ddc _cBK _05 |
||